New Zealand Rugby All Blacks - The Tony Woodcock Quiz - Statistics

General Stats
  • This quiz has been taken 61 times
  • The average score is 14 of 19
Answer Stats
Question Answer % Correct
Test Tries 10
96%
Super Rugby Team Blues
96%
5 Test Tries Scored against this team Australia
88%
Caps 118
86%
Super Rugby Team Highlanders
86%
Year of All Blacks Debut 2002
84%
1 Test Try Scored against this team France
84%
2 Test Tries Scored against this team South Africa
82%
Province North Harbour
81%
Opponent in last internatonal Tonga
79%
1 Test Try Scored against this team Tonga
79%
Opponent in debut Wales
79%
1 Test Try Scored against this team Wales
79%
Test Wins 102
77%
Year of Ranfurly Shield Win 2006
74%
Nickname Woody
68%
Name of Try Scoring Move in 2011 RWC Final Teabag
67%
Club North Harbour Marist
16%
High School Kaipara College
14%
No matching quizzes found
Score Distribution
Percent of People with Each Score
Percentile by Number Answered
Your Score History
You have not taken this quiz